Intrinsic and extrinsic motivation: leadership graduate degree program descriptions

Saved in:
Bibliographic Details
Main Author: Stork, Elizabeth
Other Authors: Darmo, Ľubomír, 1984-, Grant, A.J
Format: Book Chapter
Language:English
Tags: Add Tag
No Tags, Be the first to tag this record!

MARC

LEADER 00000nla a2200000 4500
001 0184788
005 20240502073153.3
041 0 |a eng 
044 |a SK 
245 1 0 |a Intrinsic and extrinsic motivation: leadership graduate degree program descriptions  |c Elizabeth Stork, Ľubomír Darmo, A.J. Grant 
500 |a Abstrakt 
100 1 |a Stork, Elizabeth 
700 1 |a Darmo, Ľubomír, 1984- 
700 1 |a Grant, A.J.